000 00622nam a22001937a 4500
999 _c182853
_d182853
005 20211208120307.0
010 _aUR-11356
020 _c50.00
_a9789390789467
035 _aU-9911
037 _bDBAD/PUB
082 _a841
100 _aپر و فيسر طر ز ی
245 _aميٹھی ميٹھی نظميں
_cپر و فيسر طر ز ی
246 _aMithi Mithi Nazmein (Urdu)
_bProf.Tarzi
260 _aN.Delhi
_c2021 ء
_bEducational Publishing House
270 _aD1/16,Ansari Road,Darya Ganj,
_bNew Delhi
_e110002
_l -
300 _a48 ص
_c22 Cm(Hb)
942 _2ddc
_cUR
_h841
_mط ر ز